| 000 | 01092cam a2200301 a 4500 | ||
|---|---|---|---|
| 001 | 15162901 | ||
| 005 | 20130228140415.0 | ||
| 008 | 080131s2008 coua b 001 0 eng | ||
| 010 | _a 2008004522 | ||
| 020 | _a9781588265845 (pbk. : alk. paper) | ||
| 020 | _a1588265846 (pbk. : alk. paper) | ||
| 082 | 0 | 0 |
_a338.9 _222 _bDEV |
| 245 | 0 | 0 |
_aDevelopment and Underdevelopment : _bthe Political Economy of Global Inequality / _cedited by Mitchell A. Seligson and John T. Passe-Smith. |
| 250 | _a4th ed. | ||
| 260 |
_aBoulder : _bLynne Rienner Publishers, _c2008. |
||
| 300 |
_axiii, 437 p. : _bill. ; _c23 cm. |
||
| 504 | _aIncludes bibliographical references and index. | ||
| 650 | 0 |
_aEconomic development. _932771 |
|
| 650 | 0 |
_aIncome distribution. _932772 |
|
| 650 | 0 |
_aCapitalism. _932773 |
|
| 650 | 0 |
_aEconomic history _y1945- _928315 |
|
| 650 | 0 |
_aSocial history _y1945- _932774 |
|
| 651 | 0 |
_aDeveloping countries _xEconomic conditions. _932775 |
|
| 653 |
_bPol _cFebruary2013 |
||
| 700 | 1 |
_aSeligson, Mitchell A. _932776 |
|
| 700 | 1 |
_aPasse-Smith, John T. _932777 |
|
| 942 |
_2ddc _cBB |
||
| 999 |
_c17339 _d17311 |
||